Αλέξης Ακριθάκης

Αποθηκεύτηκε σε:
Λεπτομέρειες βιβλιογραφικής εγγραφής
Κύριος συγγραφέας: Ζαχαρόπουλος, Ντένης
Μορφή: Βιβλίο
Γλώσσα:Greek
Δημοσίευση: Αθήνα : Κ. Αδάμ, 2005.
Σειρά:Σύγχρονη εικαστική βιβλιοθήκη
Θέματα:
Ετικέτες: Προσθήκη ετικέτας
Δεν υπάρχουν, Καταχωρήστε ετικέτα πρώτοι!

MARC

LEADER 00000cam a2200000 i 4500
001 1/83582
008 080423s2005 gr | ||| |||| ||gre||
020 |a 9608840953 
035 |l 10096964 
040 |a GR-MyUa  |b gre  |e AACR2 
041 0 |a gre 
082 7 |a 700.92   |2 (22) 
100 1 |a Ζαχαρόπουλος, Ντένης. 
245 1 0 |a Αλέξης Ακριθάκης /   |c Ντένης Ζαχαρόπουλος.  
260 |a Αθήνα :   |b Κ. Αδάμ,   |c 2005.  
300 |a 193 σ. :   |b έγχρ. εικ. ;   |c 23 εκ. 
490 1 |a (Σύγχρονη εικαστική βιβλιοθήκη) 
504 |a Βιβλιογραφία: σ. [194]-[195] 
600 1 7 |2 nlgaf  |a Ακριθάκης, Αλέξης,   |d 1939-1994. 
650 0 |a Painters  |z Greece  |y 20th century. 
830 0 |a Σύγχρονη εικαστική βιβλιοθήκη 
852 |a INST  |b SYROS  |e 20080423  |h 700.92 ΑΚΡ  |p 005500006071  |q 005500006071  |t BK  |y 0 
901 |a BIBL5-2008-1 
922 |a 5ΕΛΗ  |b 200711  |c ΕΠΕΑΕΚ2/ΤΜΣΠΣ  |d Σ. Πατάκης 
970 |a Κοντού  |b Παρασκευή  |z 23/04/2008